| Tag |
First Indicator |
Second Indicator |
Subfields |
| LEADER |
00000cam a2200000 a 4500 |
| 001 |
in00001402433 |
| 005 |
20240905123353.0 |
| 008 |
980623s1997 enkae b 000 0 eng |
| 015 |
|
|
|a GB9831088
|2 bnb
|
| 016 |
7 |
|
|a 008074969
|2 Uk
|
| 019 |
|
|
|a 37700393
|
| 020 |
|
|
|a 0471977462
|
| 020 |
|
|
|a 9780471977469
|
| 020 |
|
|
|z 0471977452
|
| 029 |
1 |
|
|a AU@
|b 000013436717
|
| 029 |
1 |
|
|a AU@
|b 000013984456
|
| 029 |
1 |
|
|a AU@
|b 000021992914
|
| 029 |
1 |
|
|a DEBBG
|b BV011828950
|
| 029 |
1 |
|
|a NZ1
|b 4818094
|
| 029 |
1 |
|
|a YDXCP
|b 100084493
|
| 029 |
1 |
|
|a ZWZ
|b 032969562
|
| 029 |
1 |
|
|a UKMGB
|b 008074969
|
| 029 |
1 |
|
|a AU@
|b 000071391336
|
| 035 |
|
|
|a (OCoLC)ocm39380666
|
| 035 |
|
|
|a (OCoLC)39380666
|z (OCoLC)37700393
|
| 035 |
|
|
|a (OCoLC)ocm39380666
|
| 040 |
|
|
|a UKM
|b eng
|c UKM
|d TKN
|d BAKER
|d YDXCP
|d UBA
|d ZWZ
|d DEBBG
|d OG#
|d OCLCQ
|d OCLCO
|d OCLCF
|d OCLCQ
|d OCL
|d MYIIU
|d BUF
|d VTU
|d COF
|d BRL
|d UKOBU
|d CRU
|d CPS
|d PAU
|d CPO
|d EUM
|d AU@
|d AZU
|d UWW
|d UAE
|d UAV
|d DCT
|d GEQ
|d EUX
|d RDF
|d UHL
|d UKUSW
|d OCLCQ
|d GAT
|d UKCRE
|d UNITY
|d U@M
|d UKUAL
|d TXHLS
|d NWQ
|d OCLCO
|d OCL
|d OKS
|d OCLCO
|d UKMGB
|d NKM
|d OCLCO
|d OCLCL
|d OCLCQ
|
| 043 |
|
|
|a e-gx---
|
| 050 |
|
4 |
|a NA1088.B38
|b G38 1997
|
| 080 |
|
|
|a 72(43)BEH
|
| 082 |
0 |
4 |
|a 720.922
|2 21
|
| 084 |
|
|
|a LI 99999
|2 rvk
|
| 100 |
1 |
|
|a Gauzin-Müller, Dominique.
|
| 240 |
1 |
0 |
|a Behnisch & Partner.
|l English
|
| 245 |
1 |
0 |
|a Behnisch & Partners :
|b 50 years of architecture /
|c Dominique Gauzin-Müller ; photographs by Christian Kandzia ; [translation, Flora Fischer].
|
| 246 |
3 |
|
|a Behnisch and Partners
|
| 260 |
|
|
|a [London] :
|b Academy Editions,
|c ©1997.
|
| 300 |
|
|
|a 312 pages :
|b illustrations (some color), plans ;
|c 30 cm
|
| 336 |
|
|
|a text
|b txt
|2 rdacontent
|
| 337 |
|
|
|a unmediated
|b n
|2 rdamedia
|
| 338 |
|
|
|a volume
|b nc
|2 rdacarrier
|
| 500 |
|
|
|a Translated from the German: Behnisch & Partner : 50 Jahre Architektur.
|
| 520 |
|
|
|a "This first comprehensive monograph on the architecture of Günter Behnisch, his partners and co-workers, gives an analysis of his architecture and the special way in which the office has always been organised, from its establishment in 1952 to the most recent buildings. A selection of 42 buildings and projects, drawn from this half century of practice, reveal the remarkable adaptability of the firm and its capacity for growth and change, and to accomodate evolving social and cultural requirements. Such notable buildings include the Fachhochschule Ulm - the first large, entirely pre-fabricated public building in Germany; the Olympia Park in Munich; the famous Hysolar Institute Building, Stuttgart; the new Parliament Building in Bonn and a large number of new buildings, several of which, including the Bristol Centre for the Performing Arts are published for the first time. There are also numerous texts written by Günter Behnisch for this book, as well as excerpts from his lectures and writings, which clarify the design method and teaching approach of Behnisch within his overall philosophy of architecture."--Book jacket.
|
| 504 |
|
|
|a Includes bibliographical references (pages 302-304).
|
| 540 |
|
|
|a Current Copyright Fee: GBP32.00
|c 0.
|5 Uk
|
| 610 |
2 |
0 |
|a Behnisch & Partner (Firm)
|
| 650 |
|
0 |
|a Architecture
|z Germany
|x History
|y 20th century.
|
| 650 |
|
0 |
|a Architecture, Modern
|y 20th century.
|
| 650 |
|
6 |
|a Architecture
|y 20e siècle.
|
| 610 |
2 |
7 |
|a Behnisch & Partner (Firm)
|2 fast
|
| 650 |
|
7 |
|a Architecture
|2 fast
|
| 650 |
|
7 |
|a Architecture, Modern
|2 fast
|
| 651 |
|
7 |
|a Germany
|2 fast
|1 https://id.oclc.org/worldcat/entity/E39PBJtCD3rcKcPDx6FHmjvrbd
|
| 610 |
2 |
7 |
|a Behnisch & Partner
|2 gnd
|
| 610 |
2 |
7 |
|a Benisch And Partner.
|2 larpcal
|
| 610 |
2 |
7 |
|a Behnisch & Partner.
|2 larpcal
|
| 650 |
|
7 |
|a Arquitetura moderna
|y Século 20
|z Alemanha.
|2 larpcal
|
| 610 |
2 |
7 |
|a Behnisch & Partners.
|2 ram
|
| 650 |
|
7 |
|a Architecture
|y 20e siècle
|z Allemagne.
|2 ram
|
| 648 |
|
7 |
|a 1900-1999
|2 fast
|
| 655 |
|
4 |
|a Werkverzeichnis 1952-1992.
|
| 655 |
|
7 |
|a History
|2 fast
|
| 655 |
|
7 |
|a Werkverzeichnis 1952-1992.
|2 swd
|
| 710 |
2 |
|
|a Behnisch & Partner (Firm)
|
| 776 |
0 |
8 |
|i Online version:
|a Gauzin-Müller, Dominique.
|t Behnisch & Partners.
|d [London] : Academy Editions, ©1997
|w (OCoLC)768290229
|
| 938 |
|
|
|a Baker & Taylor
|b BKTY
|c 110.00
|d 110.00
|i 0471977462
|n 0003080340
|s active
|
| 938 |
|
|
|a YBP Library Services
|b YANK
|n 100084493
|
| 948 |
|
|
|h HELD BY TXA - 170 OTHER HOLDINGS
|
| 994 |
|
|
|a Z0
|b TXA
|
| 999 |
f |
f |
|s 4eb7a081-2c27-3eb4-b273-fa65ee74f231
|i ba3d7ff9-18ab-372b-8c23-6f34159f683e
|t 0
|
| 952 |
f |
f |
|p ric
|a Texas A&M University
|b Rellis Campus
|c Joint Library Facility
|s JLF
|d Remote Storage
|t 0
|e NA1088.B38 G38 1997
|h Library of Congress classification
|i unmediated -- volume
|m A14822183944
|